| 000 | 00517 a2200193 4500 | ||
|---|---|---|---|
| 005 | 20260202164230.0 | ||
| 008 | 260202b |||||||| |||| 00| 0 eng d | ||
| 020 |
_a9789363461772 _cRs. 3550.00 |
||
| 040 | _aMAIN | ||
| 082 |
_a572.8 _bJ251B |
||
| 100 | _aJanakiraman, N | ||
| 245 | _aBioinformatics: Methods, tools and applications | ||
| 260 |
_bScientific Publishers _c2025 _aNew Delhi |
||
| 300 | _axxi, 297 | ||
| 650 | _aBioinformatics | ||
| 650 | _aLife Sciences | ||
| 650 | _aBiochemistry | ||
| 942 | _cBK | ||
| 999 |
_c395200 _d395200 |
||